| 000 -LEADER |
| fixed length control field |
00587nam a2200181 a 4500 |
| 001 - CONTROL NUMBER |
| control field |
:::00019212$&:&@@ |
| 003 - CONTROL NUMBER IDENTIFIER |
| control field |
OkBaRHE |
| 005 - DATE AND TIME OF LATEST TRANSACTION |
| control field |
20010215101430.0 |
| 008 - FIXED-LENGTH DATA ELEMENTS--GENERAL INFORMATION |
| fixed length control field |
s1913 j 000 0 eng u |
| 040 ## - CATALOGING SOURCE |
| Transcribing agency |
|
| 100 1# - MAIN ENTRY--PERSONAL NAME |
| Personal name |
Blanchard, Charles Albert 1848-1925 |
| 245 10 - TITLE STATEMENT |
| Title |
Light on the last days. |
| 260 ## - PUBLICATION, DISTRIBUTION, ETC. (IMPRINT) |
| Place of publication, distribution, etc |
Chicago |
| Name of publisher, distributor, etc |
The Bible Institute Colportage Association |
| Date of publication, distribution, etc |
1913 |
| 300 ## - PHYSICAL DESCRIPTION |
| Extent |
149 p. |
| 520 ## - SUMMARY, ETC. |
| Summary, etc |
Being familiar talks on the Book of Revelation. |
| 942 ## - ADDED ENTRY ELEMENTS (KOHA) |
| Source of classification or shelving scheme |
|
| Koha item type |
Books |